Normal view
MARC view
- Modulation (Electronics)
Entry Topical Term
001 - CONTROL NUMBER
- control field: 98248
003 - CONTROL NUMBER IDENTIFIER
- control field: NUST
005 - DATE AND TIME OF LATEST TRANSACTION
- control field: 20220819114729.0
008 - FIXED-LENGTH DATA ELEMENTS
- fixed length control field: 220819|| aca||aabn | a|a d
040 ## - CATALOGING SOURCE
- Original cataloging agency: NUST
- Transcribing agency: NUST
150 ## - HEADING--TOPICAL TERM
- Topical term or geographic name entry element: Modulation (Electronics)
670 ## - SOURCE DATA FOUND
- Source citation: Work cat.: (NUST)176091: Blogh, J. S. 98247, Third-generation systems and intelligent wireless networking :, c2002.
